000 00456nam a22001577a 4500
003 OSt
005 20260128024931.0
008 260128b |||||||| |||| 00| 0 eng d
020 _a0118-8771.
040 _aDWC-Main lib.
_cOC
082 _aFil. 412 B546 2001
245 _aBitiyara:
_b usapang filipino sa rehiyon XII/
260 _aManila:
_bKomisyon Sa Wikang Filipino,
_c c2001.
300 _aix, 164 p. ;
_c23 cm.
942 _2ddc
_cBK - FIL
_hFil.
_n0
999 _c7884
_d7884